[Event "ITA-chT GpA playoff 54th"]
[Site "Bacoli"]
[Date "2023.04.30"]
[Round "1"]
[White "Moroni, Luca Jr"]
[Black "Salvador, Roland"]
[Result "1-0"]
[WhiteElo "2565"]
[BlackElo "2385"]
[PlyCount "73"]
[EventDate "2023.04.30"]
[EventType "team-tourn"]
[EventRounds "2"]
[EventCountry "ITA"]
[SourceTitle "CBM 213 Extra"]
[Source "ChessBase"]
[SourceDate "2023.05.31"]
[SourceVersion "1"]
[SourceVersionDate "2023.05.31"]
[SourceQuality "1"]
[WhiteTeam "Cerianese Scacchistica"]
[BlackTeam "Milan Accademia"]
[WhiteTeamCountry "ITA"]
[BlackTeamCountry "ITA"]

1. c4 Nf6 2. Nc3 e5 3. e3 Bb4 4. Nge2 0-0 5. a3 Bxc3 6. Nxc3 d5 7. cxd5 Nxd5 8. Qc2 Nb6 9. b4 a5 10. b5 a4 11. Ne4 Bf5 12. Bb2 Bg6 13. h4 Qd5 14. f3 N8d7 15. h5 Bxe4 16. fxe4 Qe6 17. Be2 Rac8 18. h6 g6 19. 0-0 c6 20. bxc6 Rxc6 21. Bc3 Nc5 22. Rab1 Rd8 23. Bb5 Rcc8 24. Rf3 Nb3 25. Qb2 Nc4 26. Bxc4 Qxc4 27. Rbf1 Rc7 28. Ba5 Nxa5 29. Qxe5 f5 30. exf5 Nb3 31. fxg6 hxg6 32. Qf6 Qd3 33. Qe6+ Kh7 34. Rf7+ Rxf7 35. Rf2 Rf6 36. Rxf6 Kxh6 37. Rf7 1-0

[Event "ITA-chT GpB 54th"]
[Site "Bacoli"]
[Date "2023.04.28"]
[Round "5"]
[White "Iturrizaga Bonelli, Eduardo"]
[Black "Salvador, Roland"]
[Result "1-0"]
[WhiteElo "2637"]
[BlackElo "2385"]
[PlyCount "91"]
[EventDate "2023.04.25"]
[EventType "team-tourn"]
[EventRounds "7"]
[EventCountry "ITA"]
[SourceTitle "CBM 213 Extra"]
[Source "ChessBase"]
[SourceDate "2023.05.31"]
[SourceVersion "1"]
[SourceVersionDate "2023.05.31"]
[SourceQuality "1"]
[WhiteTeam "Palermitano CPS"]
[BlackTeam "Milan Accademia"]
[WhiteTeamCountry "ITA"]
[BlackTeamCountry "ITA"]

1. c4 Nf6 2. Nc3 e5 3. g3 c6 4. Nf3 e4 5. Nd4 Bc5 6. Nb3 Be7 7. Bg2 d5 8. cxd5 cxd5 9. d3 exd3 10. Qxd3 Be6 11. 0-0 Nc6 12. Rd1 0-0 13. Bg5 Nb4 14. Qb1 Qb6 15. Be3 Qa6 16. Nc5 Qc4 17. Nxe6 fxe6 18. Bh3 Qc6 19. a3 Na6 20. Qd3 Bc5 21. b4 Bxe3 22. Qxe3 Nc7 23. Rac1 Qa6 24. a4 Rae8 25. a5 Rf7 26. Qe5 b6 27. Na4 Qb7 28. axb6 axb6 29. f3 Rfe7 30. Qd6 Qa6 31. Nc3 e5 32. e3 Nb5 33. Nxb5 Qxb5 34. Bf1 Qd7 35. Qxd7 Nxd7 36. Rxd5 Nf6 37. Rd6 e4 38. f4 Ra7 39. h3 Ra3 40. Kf2 Ra2+ 41. Be2 Rb2 42. b5 Ra8 43. Ke1 Ra3 44. Rd2 Rb4 45. Kf2 h5 46. g4 1-0

[Event "ITA-chT GpB 54th"]
[Site "Bacoli"]
[Date "2023.04.25"]
[Round "1"]
[White "Salvador, Roland"]
[Black "Fier, Alexandr"]
[Result "0-1"]
[WhiteElo "2385"]
[BlackElo "2599"]
[PlyCount "50"]
[EventDate "2023.04.25"]
[EventType "team-tourn"]
[EventRounds "7"]
[EventCountry "ITA"]
[SourceTitle "CBM 213 Extra"]
[Source "ChessBase"]
[SourceDate "2023.05.31"]
[SourceVersion "1"]
[SourceVersionDate "2023.05.31"]
[SourceQuality "1"]
[WhiteTeam "Milan Accademia"]
[BlackTeam "Lazio Scacchi"]
[WhiteTeamCountry "ITA"]
[BlackTeamCountry "ITA"]

1. d4 Nf6 2. c4 g6 3. Nc3 Bg7 4. Nf3 0-0 5. g3 d6 6. Bg2 Nc6 7. d5 Na5 8. Nd2 c5 9. 0-0 a6 10. a4 e6 11. Rb1 Rb8 12. Qc2 exd5 13. cxd5 b5 14. axb5 axb5 15. b4 cxb4 16. Rxb4 Qc7 17. Qd3 Ba6 18. Ba3 Rfc8 19. Nxb5 Qd7 20. Rfb1 Ne8 21. Ne4 f5 22. Bh3 Qd8 23. Qd1 Nc4 24. Qa4 Bxb5 25. Rxb5 Ra8 0-1

[Event "Imperia op-A 61st"]
[Site "Imperia"]
[Date "2019.09.03"]
[Round "3.2"]
[White "Pavesi, Brando"]
[Black "Salvador, Roland"]
[Result "0-1"]
[WhiteElo "1994"]
[BlackElo "2409"]
[PlyCount "104"]
[EventDate "2019.09.01"]
[EventType "swiss"]
[EventRounds "9"]
[EventCountry "ITA"]
[SourceTitle "EXT 2024"]
[Source "ChessBase"]
[SourceDate "2023.10.10"]
[SourceVersion "1"]
[SourceVersionDate "2023.10.10"]
[SourceQuality "1"]

1. d4 Nf6 2. Bf4 e6 3. e3 b6 4. Nf3 Be7 5. h3 Bb7 6. Bd3 c5 7. c3 h6 8. Nbd2 g5 9. Bg3 d6 10. Qe2 Nc6 11. a3 Rg8 12. b4 cxb4 13. cxb4 h5 14. h4 gxh4 15. Nxh4 Qd7 16. Rc1 Rc8 17. 0-0 Ng4 18. Ndf3 Bf6 19. Bb5 Ke7 20. Rfd1 d5 21. Rb1 a6 22. Bd3 Na7 23. e4 Nb5 24. e5 Bg7 25. Bxb5 Qxb5 26. Qxb5 axb5 27. Bf4 Rc3 28. Rbc1 Rc4 29. Bg5+ Kd7 30. Rxc4 dxc4 31. Nh2 Bh6 32. Bxh6 Nxh6 33. g3 Ra8 34. Ra1 c3 35. Nf1 c2 36. Ne3 Be4 37. f3 Bh7 38. Nhg2 Rxa3 39. Nxc2 Rxf3 40. Ra7+ Kc6 41. Nce3 Rxg3 42. Kf2 Rg5 43. Nf4 Be4 44. Ne2 Bd5 45. Ra8 Ng4+ 46. Nxg4 Rxg4 47. Rh8 Bc4 48. Rxh5 Bxe2 49. Kxe2 Rxd4 50. Rh7 Rxb4 51. Rxf7 Re4+ 52. Kd3 Rxe5 0-1

[Event "Imperia op-A 50th"]
[Site "Imperia"]
[Date "2018.09.09"]
[Round "9.2"]
[White "Salvador, Roland"]
[Black "Sbarra, Marco"]
[Result "1-0"]
[WhiteElo "2399"]
[BlackElo "2160"]
[PlyCount "81"]
[EventDate "2018.09.02"]
[EventType "swiss"]
[EventRounds "9"]
[EventCountry "ITA"]
[SourceTitle "EXT 2024"]
[Source "ChessBase"]
[SourceDate "2023.10.10"]
[SourceVersion "1"]
[SourceVersionDate "2023.10.10"]
[SourceQuality "1"]

1. c4 e5 2. Nc3 Nf6 3. Nf3 Nc6 4. a3 d5 5. cxd5 Nxd5 6. Qc2 Be7 7. e3 0-0 8. Nxd5 Qxd5 9. Bc4 Qd6 10. b4 Bf6 11. Qe4 Be6 12. Bxe6 Qxe6 13. Bb2 Rad8 14. Rc1 a6 15. 0-0 Qd5 16. Rc4 Qxe4 17. Rxe4 Rd5 18. Rc1 Rfd8 19. g4 h6 20. a4 g6 21. h4 Bg7 22. g5 hxg5 23. hxg5 R8d7 24. Rc2 Re7 25. Kf1 Re6 26. Ke1 Kf8 27. Nh2 Ke8 28. Ng4 Kd8 29. f4 Kc8 30. Ke2 Bf8 31. Bxe5 Bxb4 32. Rxb4 Nxb4 33. Rxc7+ Kd8 34. Rxb7 Nc6 35. Rxf7 Nxe5 36. Nxe5 Ra5 37. d4 Rxa4 38. f5 gxf5 39. g6 Ra1 40. g7 Rg1 41. Ra7 1-0

[Event "Imperia op-A 50th"]
[Site "Imperia"]
[Date "2018.09.06"]
[Round "6.2"]
[White "Mazzini, Mauro"]
[Black "Salvador, Roland"]
[Result "0-1"]
[WhiteElo "2214"]
[BlackElo "2399"]
[PlyCount "68"]
[EventDate "2018.09.02"]
[EventType "swiss"]
[EventRounds "9"]
[EventCountry "ITA"]
[SourceTitle "EXT 2024"]
[Source "ChessBase"]
[SourceDate "2023.10.10"]
[SourceVersion "1"]
[SourceVersionDate "2023.10.10"]
[SourceQuality "1"]

1. e4 c6 2. d4 d5 3. e5 Bf5 4. h4 h5 5. Bg5 Qb6 6. Bd3 Qxd4 7. Nf3 Qg4 8. 0-0 e6 9. Bxf5 Qxf5 10. c4 Bc5 11. cxd5 cxd5 12. Nc3 f6 13. Be3 Bxe3 14. fxe3 Nc6 15. Nb5 0-0-0 16. Nd6+ Rxd6 17. exd6 Qe4 18. Rc1 Qxe3+ 19. Kh1 Kd7 20. Re1 Qb6 21. Qe2 e5 22. Qd3 Kxd6 23. Qg6 Qc7 24. Ng5 Nh6 25. Red1 Qe7 26. Rxd5+ Kc7 27. Rcd1 Nd4 28. Nf3 Nhf5 29. Nxd4 Nxd4 30. Qe4 Re8 31. Rc1+ Kb8 32. Rdc5 f5 33. Qe1 f4 34. Qc3 Qxh4+ 0-1

[Event "ITA-chT 48th"]
[Site "Civitanova Marche"]
[Date "2016.04.28"]
[Round "2.1"]
[White "Salvador, Roland"]
[Black "David, Alberto"]
[Result "1/2-1/2"]
[WhiteElo "2434"]
[BlackElo "2579"]
[PlyCount "59"]
[EventDate "2016.04.27"]
[EventType "team-swiss"]
[EventRounds "7"]
[EventCountry "ITA"]
[SourceTitle "CBM 172 Extra"]
[Source "ChessBase"]
[SourceDate "2016.06.21"]
[SourceVersion "1"]
[SourceVersionDate "2016.06.21"]
[SourceQuality "1"]
[WhiteTeam "Milan Accademia"]
[BlackTeam "Padova Obiettivo"]
[WhiteTeamCountry "ITA"]
[BlackTeamCountry "ITA"]

1. d4 Nf6 2. Nf3 e6 3. Bf4 b6 4. e3 Bb7 5. h3 c5 6. Nbd2 cxd4 7. exd4 Be7 8. c3 0-0 9. Bd3 Ba6 10. Bxa6 Nxa6 11. 0-0 Nb8 12. Qe2 Nc6 13. Rae1 d5 14. Bh2 Nd7 15. Nb3 a6 16. Nc1 b5 17. a3 Na5 18. Nd3 Nc4 19. Nd2 Re8 20. g4 a5 21. Nxc4 bxc4 22. Ne5 Nxe5 23. Qxe5 Ra6 24. f4 Rb6 25. Re2 Bd6 26. Qe3 Re7 27. Rff2 f5 28. Qf3 Qf8 29. Bg3 Qf7 30. Kg2 1/2-1/2

[Event "Milan Expo op"]
[Site "Milan"]
[Date "2015.06.25"]
[Round "6"]
[White "Salvador, Roland"]
[Black "D'Avino, Gianfranco"]
[Result "1-0"]
[WhiteElo "2440"]
[BlackElo "2102"]
[PlyCount "95"]
[EventDate "2015.06.20"]
[EventType "swiss"]
[EventRounds "9"]
[EventCountry "ITA"]
[SourceTitle "CBM 167 Extra"]
[Source "ChessBase"]
[SourceDate "2015.09.14"]
[SourceVersion "1"]
[SourceVersionDate "2015.09.14"]
[SourceQuality "1"]

1. c4 Nf6 2. Nc3 d5 3. cxd5 Nxd5 4. g3 g6 5. Bg2 Nb6 6. d3 Bg7 7. Be3 Nc6 8. Rc1 0-0 9. Qd2 e5 10. h4 h5 11. Nf3 Nd4 12. Bh6 f5 13. Nxd4 exd4 14. Nb1 c6 15. Bxg7 Kxg7 16. Qf4 Qf6 17. Nd2 Be6 18. Nf3 Bxa2 19. Qxd4 Qxd4 20. Nxd4 Rad8 21. e3 Rfe8 22. Kd2 Bd5 23. Bxd5 Rxd5 24. Rc3 Re7 25. Ra1 a6 26. Rac1 Kf6 27. Rxc6+ bxc6 28. Rxc6+ Kf7 29. Rxb6 a5 30. Nf3 Red7 31. d4 R7d6 32. Rb8 Ke7 33. Ke2 Re6 34. Ne5 Rdd6 35. Rb7+ Ke8 36. Kf3 Rb6 37. Ra7 Ra6 38. Rg7 Rab6 39. Nd3 Re7 40. Rg8+ Kf7 41. Ra8 Rb5 42. Ne5+ Kf6 43. Rg8 Rexe5 44. dxe5+ Kxe5 45. Rxg6 Rxb2 46. Rh6 a4 47. Rxh5 a3 48. g4 1-0

[Event "Milan Expo op"]
[Site "Milan"]
[Date "2015.06.23"]
[Round "4"]
[White "Siraco, Maurizio"]
[Black "Salvador, Roland"]
[Result "0-1"]
[WhiteElo "2138"]
[BlackElo "2440"]
[PlyCount "74"]
[EventDate "2015.06.20"]
[EventType "swiss"]
[EventRounds "9"]
[EventCountry "ITA"]
[SourceTitle "CBM 167 Extra"]
[Source "ChessBase"]
[SourceDate "2015.09.14"]
[SourceVersion "1"]
[SourceVersionDate "2015.09.14"]
[SourceQuality "1"]

1. d4 Nf6 2. Bg5 d5 3. Bxf6 exf6 4. e3 c6 5. Bd3 Bd6 6. c3 0-0 7. Qc2 g6 8. h4 Nd7 9. g4 c5 10. h5 Kg7 11. Nd2 c4 12. Be2 b5 13. Ngf3 Re8 14. Nh4 Nb6 15. Bf3 b4 16. Kf1 Bd7 17. Re1 Qc8 18. Rg1 Qa6 19. Kg2 bxc3 20. bxc3 Ba4 21. Qc1 Bc6 22. Qc2 Qa5 23. Kf1 Na4 24. Nb1 Rab8 25. g5 Qd8 26. gxf6+ Qxf6 27. hxg6 hxg6 28. Nf5+ Kg8 29. Nxd6 Qxf3 30. Rg3 Qh1+ 31. Rg1 Qh3+ 32. Rg2 Re6 33. Nxc4 dxc4 34. e4 Bxe4 35. Rxe4 Rxe4 36. Qxe4 Qh1+ 37. Ke2 Rb2+ 0-1

[Event "Ceriano Laghetto op-A 24th"]
[Site "Ceriano Laghetto"]
[Date "2015.03.07"]
[Round "3"]
[White "Lapiccirella, Daniele"]
[Black "Salvador, Roland"]
[Result "0-1"]
[WhiteElo "2228"]
[BlackElo "2440"]
[PlyCount "66"]
[EventDate "2015.03.06"]
[EventType "swiss"]
[EventRounds "5"]
[EventCountry "ITA"]
[SourceTitle "EXT 2017"]
[Source "ChessBase"]
[SourceDate "2016.10.25"]
[SourceVersion "1"]
[SourceVersionDate "2016.10.25"]
[SourceQuality "1"]

1. d4 Nf6 2. c4 e5 3. dxe5 Ng4 4. Bf4 g5 5. Bg3 Bg7 6. Nf3 Nc6 7. h4 Ngxe5 8. Nxe5 Nxe5 9. e3 g4 10. Nc3 d6 11. Qb3 Be6 12. Nd5 c6 13. Nf4 Qa5+ 14. Kd1 Bf5 15. Nh5 0-0 16. Nxg7 Kxg7 17. Qc3 Qxc3 18. bxc3 Rfd8 19. Be2 Rd7 20. f3 gxf3 21. gxf3 Bd3 22. Bxd3 Nxd3 23. Ke2 Nb2 24. Rhg1 Kf6 25. Bf4 Nxc4 26. Rg5 Re8 27. Rh5 Nxe3 28. Bxe3 Rde7 29. Rh6+ Kg7 30. Rg1+ Kf8 31. Rxh7 Rxe3+ 32. Kf2 Re2+ 33. Kg3 R8e6 0-1

[Event "Ceriano Laghetto op-A 23rd"]
[Site "Ceriano Laghetto"]
[Date "2014.03.15"]
[Round "2"]
[White "Lapiccirella, Daniele"]
[Black "Salvador, Roland"]
[Result "0-1"]
[WhiteElo "2215"]
[BlackElo "2462"]
[PlyCount "40"]
[EventDate "2014.03.14"]
[EventType "swiss"]
[EventRounds "5"]
[EventCountry "ITA"]
[SourceTitle "EXT 2015"]
[Source "ChessBase"]
[SourceDate "2014.11.20"]
[SourceVersion "1"]
[SourceVersionDate "2014.11.20"]
[SourceQuality "1"]

1. d4 Nf6 2. c4 e6 3. Nc3 Bb4 4. Nf3 d5 5. Bg5 Nbd7 6. cxd5 exd5 7. e3 h6 8. Bxf6 Qxf6 9. Bd3 Nb6 10. Ne5 Bd6 11. f4 Qh4+ 12. g3 Qh3 13. Qf3 c6 14. f5 Bxe5 15. dxe5 0-0 16. Ne2 Nd7 17. Qf4 Re8 18. 0-0-0 Nxe5 19. Bc2 Nc4 20. e4 Bxf5 0-1

[Event "Imperia op-A 55th"]
[Site "Imperia"]
[Date "2013.09.05"]
[Round "6"]
[White "Jurek, Josef"]
[Black "Salvador, Roland"]
[Result "1/2-1/2"]
[WhiteElo "2260"]
[BlackElo "2461"]
[PlyCount "64"]
[EventDate "2013.09.01"]
[EventType "swiss"]
[EventRounds "9"]
[EventCountry "ITA"]
[SourceTitle "EXT 2015"]
[Source "ChessBase"]
[SourceDate "2014.11.20"]
[SourceVersion "1"]
[SourceVersionDate "2014.11.20"]
[SourceQuality "1"]

1. Nf3 Nf6 2. c4 e6 3. e3 Nc6 4. d4 Bb4+ 5. Bd2 a5 6. Nc3 d6 7. a3 Bxc3 8. Bxc3 Ne4 9. Rc1 Qe7 10. Be2 e5 11. dxe5 dxe5 12. 0-0 0-0 13. Qc2 Nxc3 14. Qxc3 Bg4 15. h3 Bh5 16. Rfe1 Bg6 17. c5 e4 18. Nd4 Ne5 19. b4 axb4 20. axb4 Qg5 21. Ra1 Bh5 22. Bxh5 Qxh5 23. Rxa8 Rxa8 24. Ra1 Rd8 25. Ra7 Qd1+ 26. Kh2 Qf1 27. Ra2 h5 28. Ne6 Nf3+ 29. gxf3 fxe6 30. Qe5 Qc4 31. Ra1 exf3 32. Rg1 Rd7 1/2-1/2

[Event "Crema op 15th"]
[Site "Crema"]
[Date "2013.08.31"]
[Round "4"]
[White "Motola, Jacopo"]
[Black "Salvador, Roland"]
[Result "0-1"]
[WhiteElo "2039"]
[BlackElo "2461"]
[PlyCount "94"]
[EventDate "2013.08.30"]
[EventType "swiss"]
[EventRounds "6"]
[EventCountry "ITA"]
[SourceTitle "EXT 2015"]
[Source "ChessBase"]
[SourceDate "2014.11.20"]
[SourceVersion "1"]
[SourceVersionDate "2014.11.20"]
[SourceQuality "1"]

1. e4 c6 2. d4 g6 3. c3 Bg7 4. Nf3 d5 5. Nbd2 Nf6 6. e5 Nh5 7. h3 f6 8. g3 fxe5 9. Nxe5 Nd7 10. Ndf3 Nxe5 11. Nxe5 Bxe5 12. dxe5 Qc7 13. Qd4 Ng7 14. Bd3 Bf5 15. f4 Ne6 16. Qe3 d4 17. cxd4 0-0-0 18. Bxf5 gxf5 19. Bd2 Rxd4 20. 0-0-0 Rhd8 21. Bc3 c5 22. Qe2 Re4 23. Qh5 Nd4 24. Bxd4 cxd4+ 25. Kb1 Qd7 26. Rd3 e6 27. Rf1 Kb8 28. Qd1 Qc6 29. g4 Rd7 30. gxf5 exf5 31. a3 a6 32. h4 Qh6 33. Qa4 Rd8 34. Qa5 Qxh4 35. Rh3 Qxh3 36. Qxd8+ Ka7 37. Rc1 Qb3 38. Qd6 Qb6 39. Qd7 Rxf4 40. Re1 Rf2 41. b4 Rf3 42. Qd6 Re3 43. Rxe3 dxe3 44. Qd3 f4 45. Qe4 Qg6 46. Qxg6 hxg6 47. Kc2 Kb6 0-1

[Event "Marseille op 5th"]
[Site "Marseille"]
[Date "2012.12.26"]
[Round "2"]
[White "Salvador, Roland"]
[Black "Mishkovski, Lubomir"]
[Result "1-0"]
[WhiteElo "2471"]
[BlackElo "2034"]
[PlyCount "75"]
[EventDate "2012.12.26"]
[EventType "swiss"]
[EventRounds "9"]
[EventCountry "FRA"]
[SourceTitle "EXT 2014"]
[Source "ChessBase"]
[SourceDate "2013.11.20"]
[SourceVersion "1"]
[SourceVersionDate "2013.11.20"]
[SourceQuality "1"]

1. d4 Nf6 2. Nf3 e6 3. c4 Bb4+ 4. Nbd2 0-0 5. Qc2 d5 6. a3 Be7 7. e4 dxe4 8. Nxe4 Nbd7 9. Neg5 c5 10. Be3 Qa5+ 11. Bd2 Qc7 12. 0-0-0 cxd4 13. Nxd4 Ne5 14. Kb1 Nc6 15. Nxc6 Qxc6 16. Bc3 g6 17. h4 Nh5 18. Be2 Ng7 19. g4 h6 20. Nf3 Rd8 21. Rxd8+ Bxd8 22. Qd2 Bc7 23. Qxh6 e5 24. Ng5 Qxh1+ 25. Ka2 Bd6 26. Qh7+ Kf8 27. Qh8+ Ke7 28. Qxg7 Be6 29. Nxe6 Kxe6 30. c5 Qd5+ 31. b3 Qxc5 32. Bc4+ Kd7 33. Qxf7+ Kc6 34. b4 Rf8 35. bxc5 Rxf7 36. Bxf7 Bxc5 37. Bxg6 Bxf2 38. h5 1-0

[Event "Novara op 2nd"]
[Site "Novara"]
[Date "2012.11.04"]
[Round "4"]
[White "Collutiis, Duilio"]
[Black "Salvador, Roland"]
[Result "1-0"]
[WhiteElo "2486"]
[BlackElo "2477"]
[PlyCount "103"]
[EventDate "2012.11.02"]
[EventType "swiss"]
[EventRounds "5"]
[EventCountry "ITA"]
[SourceTitle "EXT 2013"]
[Source "ChessBase"]
[SourceDate "2012.11.22"]
[SourceVersion "1"]
[SourceVersionDate "2012.11.22"]
[SourceQuality "1"]

1. e4 c6 2. c4 d5 3. exd5 cxd5 4. cxd5 Nf6 5. Nc3 Nxd5 6. Nf3 e6 7. Bc4 Be7 8. 0-0 0-0 9. d4 Nxc3 10. bxc3 Qc7 11. Qd3 Nd7 12. Re1 Rd8 13. Ng5 Nf6 14. Bb3 Bd7 15. Bd2 Rac8 16. Bc2 h6 17. Ne4 Nd5 18. Ng3 g6 19. Bb3 Nf4 20. Qf3 Bg5 21. Ne4 Bc6 22. h4 Bxe4 23. Rxe4 Nh3+ 24. Qxh3 Bxd2 25. c4 Qc6 26. d5 exd5 27. cxd5 Qf6 28. Rd1 Rc3 29. Qg4 h5 30. Qe2 Bf4 31. Re8+ Kg7 32. Rxd8 Qxd8 33. d6 Qxh4 34. Qe7 Qh2+ 35. Kf1 Rxb3 36. axb3 Qh1+ 37. Ke2 Qxg2 38. Rd3 Bg5 39. Qe5+ Bf6 40. Qf4 g5 41. Qf5 Qc6 42. d7 Bd8 43. Qe5+ f6 44. Qd4 Qa6 45. Ke1 h4 46. Re3 Qb5 47. b4 Qc6 48. Re8 Qc7 49. Qd5 Qc1+ 50. Ke2 Qc2+ 51. Kf3 Qc3+ 52. Kg4 1-0

[Event "Novara op 2nd"]
[Site "Novara"]
[Date "2012.11.04"]
[Round "5"]
[White "Salvador, Roland"]
[Black "Vezzosi, Paolo"]
[Result "1/2-1/2"]
[WhiteElo "2477"]
[BlackElo "2296"]
[PlyCount "100"]
[EventDate "2012.11.02"]
[EventType "swiss"]
[EventRounds "5"]
[EventCountry "ITA"]
[SourceTitle "EXT 2013"]
[Source "ChessBase"]
[SourceDate "2012.11.22"]
[SourceVersion "1"]
[SourceVersionDate "2012.11.22"]
[SourceQuality "1"]

1. d4 d5 2. Nf3 Nf6 3. c4 dxc4 4. e3 a6 5. a4 Bg4 6. Bxc4 e6 7. Qb3 Bxf3 8. gxf3 Nc6 9. Bd2 Rb8 10. Rg1 g6 11. Bc3 Bg7 12. Nd2 Nd5 13. f4 Nxc3 14. bxc3 Na5 15. Qa2 c5 16. Be2 Rc8 17. Nf3 cxd4 18. cxd4 Rc3 19. Kd2 Rc7 20. Rac1 0-0 21. h4 Qe7 22. Rxc7 Qxc7 23. Rc1 Qd7 24. h5 Rc8 25. hxg6 hxg6 26. Rxc8+ Qxc8 27. Qb2 Qc7 28. Ke1 Bf6 29. Kf1 Qc6 30. Qb4 Bd8 31. Kg1 Qb6 32. Qa3 Nc6 33. Bc4 Be7 34. Qd3 Nb4 35. Qb3 Qd6 36. Ne5 Kg7 37. Qb2 f6 38. Ng4 Qc6 39. Qb3 Nd5 40. Kh2 Nc7 41. a5 Nd5 42. Kg3 Bd6 43. Bxd5 Qxd5 44. Qc3 g5 45. Qc8 gxf4+ 46. exf4 Qxd4 47. Qd7+ Kg6 48. Qe8+ Kg7 49. Qd7+ Kg6 50. Qe8+ Kg7 1/2-1/2

[Event "Novara op 2nd"]
[Site "Novara"]
[Date "2012.11.03"]
[Round "2"]
[White "Marmili, Giulio"]
[Black "Salvador, Roland"]
[Result "0-1"]
[WhiteElo "2232"]
[BlackElo "2477"]
[PlyCount "106"]
[EventDate "2012.11.02"]
[EventType "swiss"]
[EventRounds "5"]
[EventCountry "ITA"]
[SourceTitle "EXT 2013"]
[Source "ChessBase"]
[SourceDate "2012.11.22"]
[SourceVersion "1"]
[SourceVersionDate "2012.11.22"]
[SourceQuality "1"]

1. Nf3 Nf6 2. g3 d5 3. c4 c6 4. Bg2 dxc4 5. a4 h6 6. Qc2 Be6 7. Na3 Na6 8. Nxc4 Nb4 9. Qc3 Nfd5 10. Qb3 b5 11. axb5 cxb5 12. Na3 Qb6 13. 0-0 a5 14. Qd1 Rd8 15. e4 Nf6 16. e5 Nfd5 17. d4 Bf5 18. Ne1 e6 19. Qe2 Nc7 20. Bd2 Be7 21. Nac2 0-0 22. Nxb4 Bxb4 23. Be3 Nd5 24. Nd3 Bxd3 25. Qxd3 Rd7 26. Rfc1 Be7 27. Bf1 Rb8 28. Qe4 Nb4 29. Qg4 Bg5 30. f4 Be7 31. f5 Bg5 32. Bf2 Bxc1 33. Rxc1 exf5 34. Qxf5 Qe6 35. Bh3 Qxf5 36. Bxf5 Rdd8 37. Rc5 g6 38. Be4 Rdc8 39. d5 Kf8 40. Be3 Ke8 41. Kf2 Rxc5 42. Bxc5 Rc8 43. Bb6 a4 44. Ke3 Rc4 45. h4 h5 46. Ba7 Nc2+ 47. Kd3 Ne1+ 48. Ke3 b4 49. d6 Nc2+ 50. Kd3 Rxe4 51. Kxe4 a3 52. e6 fxe6 53. Ke5 Kd7 0-1

[Event "PHI-ch"]
[Site "Boracay Island"]
[Date "2012.07.24"]
[Round "13"]
[White "Salvador, Roland"]
[Black "Torre, Eugenio"]
[Result "0-1"]
[WhiteElo "2484"]
[BlackElo "2469"]
[PlyCount "99"]
[EventDate "2012.07.15"]
[EventType "tourn"]
[EventRounds "15"]
[EventCountry "PHI"]
[EventCategory "8"]
[SourceTitle "CBM 149 Extra"]
[Source "ChessBase"]
[SourceDate "2012.08.24"]
[SourceVersion "1"]
[SourceVersionDate "2012.08.24"]
[SourceQuality "1"]

1. c4 e5 2. Nc3 Bb4 3. g3 Bxc3 4. bxc3 d6 5. Bg2 Ne7 6. Rb1 Nbc6 7. d4 0-0 8. Ba3 Rb8 9. e3 b6 10. c5 dxc5 11. d5 Na5 12. Bxc5 Bf5 13. Bxe7 Qxe7 14. Rb4 Rfd8 15. Qf3 Qc5 16. Ne2 Bd3 17. 0-0 e4 18. Rxe4 Bxe4 19. Qxe4 Nc4 20. Rd1 Re8 21. Qd4 Qxd4 22. Nxd4 b5 23. Nc6 Rb6 24. Nxa7 Nd6 25. Nc6 Ra6 26. Rd2 Ra3 27. Rc2 f5 28. Bf1 Rea8 29. Nb4 Kf7 30. f3 Kf6 31. Kf2 g5 32. Bd3 Re8 33. Ke2 h5 34. Kf2 g4 35. f4 Rc8 36. Ke2 h4 37. Kd2 hxg3 38. hxg3 Rh8 39. Kc1 Rh3 40. Kb2 Ra8 41. Rg2 Rah8 42. Kb3 Rh2 43. Rxh2 Rxh2 44. c4 bxc4+ 45. Bxc4 Rg2 46. a4 Rxg3 47. Nc2 Rg1 48. a5 Rb1+ 49. Kc3 Rc1 50. Be2 0-1

[Event "PHI-ch"]
[Site "Boracay Island"]
[Date "2012.07.22"]
[Round "11"]
[White "Salvador, Roland"]
[Black "Paragua, Mark"]
[Result "0-1"]
[WhiteElo "2484"]
[BlackElo "2508"]
[PlyCount "94"]
[EventDate "2012.07.15"]
[EventType "tourn"]
[EventRounds "15"]
[EventCountry "PHI"]
[EventCategory "8"]
[SourceTitle "CBM 149 Extra"]
[Source "ChessBase"]
[SourceDate "2012.08.24"]
[SourceVersion "1"]
[SourceVersionDate "2012.08.24"]
[SourceQuality "1"]

1. c4 g6 2. d4 Bg7 3. Nc3 Nf6 4. e4 d6 5. Nf3 0-0 6. h3 e5 7. d5 Na6 8. Bg5 h6 9. Be3 Nh5 10. Nd2 Qe8 11. g4 Nf4 12. a3 Nc5 13. Qc2 a5 14. 0-0-0 c6 15. Kb1 Bd7 16. Rg1 cxd5 17. exd5 f5 18. gxf5 Bxf5 19. Nde4 Nxe4 20. Nxe4 Rc8 21. Bb6 g5 22. f3 Kh8 23. Ka2 Qh5 24. Qb3 Qg6 25. Qe3 a4 26. Rd2 Bxh3 27. Bxh3 Nxh3 28. Rg3 Nf4 29. Qc3 Rf7 30. Qb4 Bf8 31. Qxa4 Nh5 32. Rh3 g4 33. fxg4 Qxg4 34. Re3 Ng7 35. c5 Nf5 36. Rc3 h5 37. cxd6 Rxc3 38. Nxc3 Qxa4 39. Nxa4 Bxd6 40. Rh2 h4 41. Bf2 Rh7 42. Rh3 e4 43. Nc3 e3 44. Be1 Bg3 45. Bxg3 hxg3 46. Rxh7+ Kxh7 47. Ne2 g2 0-1